| 000 | 02057nam a2200409 i 4500 | ||
|---|---|---|---|
| 001 | 193292 | ||
| 003 | SpMaBN | ||
| 005 | 20250709195204.0 | ||
| 007 | ta | ||
| 008 | 040920s2004 sp | ||| ||spa | ||
| 016 | 7 |
_abimoBNE20040841564 _2SpMaBN |
|
| 017 |
_aM 20484-2004 _bOficina Depósito Legal Madrid |
||
| 020 | _a8495839709 | ||
| 035 | _a(OCoLC)433042608 | ||
| 035 | _abimo0001970894 | ||
| 040 |
_aSpMaBN _bspa _cSpMaBN _erdc |
||
| 080 | _a821.134.2-2"19" | ||
| 100 | 1 |
_aAlmodóvar, Pedro, _d1949- _0XX4578342 _920157 _eaut |
|
| 245 | 1 | 3 |
_aLa mala educación / _cguión cinematográfico de Pedro Almodóvar |
| 250 | _aPrimera edición en la Colección espiral: abril 2004 | ||
| 260 |
_aMadrid : _bOcho y Medio, _c2004 |
||
| 300 |
_a176 páginas, 31 páginas de láminas (color) ; _c21 cm |
||
| 336 |
_2rdacontent _aTexto |
||
| 337 |
_2rdamedia _asin mediación |
||
| 338 |
_2rdacarrier _avolumen |
||
| 490 | 1 |
_aColección espiral ; _v51 |
|
| 520 | _aLa mala educación es el guion cinematográfico, escrito por Pedro Almodóvar, de su película homónima: Dos niños, Ignacio y Enrique, conocen el amor, el cine y el miedo en un colegio religioso a principio de los años 60. El Padre Manolo, director del colegio y su profesor de literatura es testigo y parte de estos descubrimientos. Los tres personajes vuelven a encontrarse dos veces más, a final de los años 70 y en el 80. El reencuentro marcará la vida y la muerte de alguno de ellos. | ||
| 655 | 7 |
_aGuiones cinematográficos _2tgfbne _9234355 |
|
| 830 |
_aColección espiral _9225822 |
||
| 852 |
_aES-MaACL _bR. 154696 _cDEPOJ _hDonación: Pedro Almodóvar _9200731 _jN-9470 _xEncuadernación rústica con solapas |
||
| 903 |
_920157 _aAlmodóvar, Pedro, _d1949- _ednr |
||
| 942 |
_n0 _cMONOGRAFIA |
||
| 999 |
_c193292 _d193292 |
||